[Event "Mistrzostwa Polski Juniorow do lat 16 - Dziewczeta"]
[Site "Ustron – Jaszowiec"]
[Date "1899-12-30"]
[Round "2.6"]
[White "Kulpa, Zuzanna"]
[Black "Sowa, Wiktoria"]
[Result "0-1"]
[WhiteTitle "I++"]
[BlackTitle "I+"]
[WhiteElo "1680"]
[BlackElo "1812"]

1. e4 c5 2. Nf3 Nc6 3. d4 cxd4 4. Nxd4 g6 5. Nc3 Bg7 6. Be3 Nf6 7. f3 O-O 8. Bc4
Qb6 9. Bb3 Nxe4 10. Nd5 Qa5+ 11. c3 Bxd4 12. Bxd4 Nc5 13. Bc4 Ne6 14. Be3 d6 15.
Qd2 Re8 16. b4 Qd8 17. h4 Ne5 18. Bb3 Ng7 19. Bg5 Be6 20. O-O h5 21. Bxe7 Rxe7
22. Nf6+ Kf8 23. Qh6 Rc7 24. Qh8+ Ke7 25. Qxg7 Qh8 26. Qxh8 Rxh8 27. Ne4 f5 28.
Ng5 Bxb3 29. axb3 Rxc3 30. Rxa7 Rb8 31. Re1 Kd7 32. Rb1 Nc6 33. Ra4 b5 34. Ra6
d5 35. Rd1 d4 36. Ra3 Re8 37. Nh3 Kd6 38. Ra6 Kc7 39. Ra3 Rd8 40. Nf4 Rd6 41.
Nd3 Re6 42. Nf4 Rd6 43. Nd3 Kd7 44. Ra6 Kc7 45. Ra3 Kb6 46. Kf1 Ne7 47. Nc5 Nc6
48. Nd3 Nb8 49. Kf2 Na6 50. Ra2 Nc7 51. Nc1 Nd5 52. Rad2 Nxb4 53. Rxd4 Rxd4 54.
Rxd4 Rxc1 55. Rxb4 Kc5 56. Rf4 Rb1 57. g4 fxg4 58. fxg4 Rb2+ 59. Ke1 Rxb3 60.
gxh5 gxh5 61. Kd2 Rh3 62. Kc2 b4 63. Kb2 Kb5 64. Rf5+ Ka4 65. Rf4 Rh2+ 66. Kb1
Ka3 67. Rf3+ b3 68. Rf1 Rxh4 69. Kc1 Rh2 0-1

[Event "Mistrzostwa Polski Juniorow do lat 16 - Dziewczeta"]
[Site "Ustron – Jaszowiec"]
[Date "1899-12-30"]
[Round "2.7"]
[White "Karlyk, Maria"]
[Black "Hryn, Zofia"]
[Result "1-0"]
[WhiteTitle "I"]
[BlackTitle "I++"]
[WhiteElo "1501"]
[BlackElo "1767"]

1. e4 c5 2. Nc3 a6 3. g3 b5 4. Bg2 Bb7 5. d3 Nf6 6. Qe2 Nc6 7. Be3 d6 8. f4 e6
9. Nf3 Be7 10. O-O Qc7 11. a3 Rb8 12. Nd1 Ng4 13. Nf2 Nxe3 14. Qxe3 b4 15. c3
O-O 16. g4 bxa3 17. bxa3 Rfd8 18. d4 Na5 19. f5 Nb3 20. Rad1 d5 21. e5 Kh8 22.
Ng5 Bxg5 23. Qxg5 exf5 24. gxf5 f6 25. exf6 gxf6 26. Qxf6+ Qg7 27. Qxg7+ Kxg7
28. Nh3 c4 29. Rde1 Nd2 30. Rf2 Ne4 31. Bxe4 dxe4 32. Ng5 Re8 33. Ne6+ Kf6 34.
Kf1 Bc8 35. Nc7 Bxf5 36. Nxe8+ Rxe8 37. Ke2 Ke6 38. Ke3 Rb8 39. Ref1 Rb5 40. a4
Ra5 41. Rb2 Bh3 42. Rb6+ Ke7 43. Rff6 Rxa4 44. Rxa6 Rxa6 45. Rxa6 Bf5 46. Rc6
Kd7 47. Rxc4 Kd6 48. Rc5 Bg6 49. Re5 Kc6 50. Rxe4 1-0

[Event "Mistrzostwa Polski Juniorow do lat 16 - Dziewczeta"]
[Site "Ustron – Jaszowiec"]
[Date "1899-12-30"]
[Round "2.8"]
[White "Szelag, Zuzanna"]
[Black "Samujlo, Agnieszka"]
[Result "1-0"]
[WhiteTitle "I++"]
[BlackTitle "I+"]
[WhiteElo "1759"]
[BlackElo "1542"]

1. e4 c5 2. Nf3 d6 3. d4 cxd4 4. Nxd4 Nf6 5. Nc3 e6 6. Be3 Be7 7. Bd3 O-O 8. O-O
a6 9. f4 Qc7 10. g4 Rd8 11. g5 Nfd7 12. f5 Nc5 13. f6 Bf8 14. fxg7 Bxg7 15. Qh5
Rf8 16. Rf3 e5 17. Nd5 Qd7 18. Nf5 Qe6 19. Bc4 Kh8 20. Nde7 Qxc4 21. Qxh7+ 1-0

[Event "Mistrzostwa Polski Juniorow do lat 16 - Dziewczeta"]
[Site "Ustron – Jaszowiec"]
[Date "1899-12-30"]
[Round "2.9"]
[White "Gredka, Dominika"]
[Black "Swiech, Joanna"]
[Result "0-1"]
[WhiteTitle "I++"]
[BlackTitle "k"]
[WhiteElo "1589"]
[BlackElo "1943"]

1. e4 d5 2. exd5 Qxd5 3. Nf3 Nf6 4. d4 Bg4 5. Be2 e6 6. O-O c6 7. c4 Qd8 8. h3
Bxf3 9. Bxf3 Bd6 10. Nc3 O-O 11. Be3 Nbd7 12. a3 a6 13. b4 Qc7 14. Rc1 Rfd8 15.
Qb3 e5 16. c5 Bf8 17. d5 cxd5 18. Nxd5 Nxd5 19. Qxd5 Rab8 20. Qb3 Nf6 21. Bg5
Be7 22. Rfe1 Nd5 23. Bxe7 Nxe7 24. a4 Nf5 25. Qb2 Nd4 26. Be4 f5 27. Bb1 Qe7 28.
Kh1 Rd7 29. Rcd1 Rbd8 30. Rc1 Kh8 31. Ba2 Nc6 32. b5 axb5 33. axb5 Rd2 34. Rc2
Rxc2 35. Qxc2 Nb4 36. Qb3 Qxc5 37. Bb1 e4 38. Rd1 Rc8 39. Qe6 h6 40. Kh2 Rf8 41.
Rd7 Rg8 42. Rxb7 Qxf2 43. Qe5 Qf1 44. Qb2 Qf4+ 45. Kh1 Qd6 46. b6 e3 47. Rf7 Qd1+
0-1

[Event "Mistrzostwa Polski Juniorow do lat 16 - Dziewczeta"]
[Site "Ustron – Jaszowiec"]
[Date "1899-12-30"]
[Round "2.10"]
[White "Zamarska, Sylwia"]
[Black "Kalinowska, Zuzanna"]
[Result "1/2-1/2"]
[WhiteTitle "I++"]
[BlackTitle "k+"]
[WhiteElo "1681"]
[BlackElo "1833"]

1. e4 e6 2. d4 d5 3. Nd2 Nf6 4. e5 Nfd7 5. Bd3 b6 6. c3 Ba6 7. Bxa6 Nxa6 8. Ne2
c5 9. Nf3 Qc7 10. O-O Rc8 11. Bd2 Be7 12. Rc1 O-O 13. Re1 Qb7 14. Bg5 Bxg5 15.
Nxg5 h6 16. Nf3 b5 17. Qd2 b4 18. Nf4 bxc3 19. bxc3 cxd4 20. cxd4 Qb4 21. Qxb4
Nxb4 22. a4 Nb6 23. a5 Nc4 24. Rb1 Rb8 25. a6 Rb6 26. Red1 Rfb8 27. h3 Rb5 28.
Ne1 R8b6 29. Ned3 Nxa6 30. Rxb5 Rxb5 31. Ra1 Nb4 32. Nxb4 Rxb4 33. Rxa7 Rb1+ 34.
Kh2 Rd1 35. Ra8+ Kh7 36. Rf8 Rxd4 37. Rxf7 Nxe5 38. Rxg7+ Kxg7 39. Nxe6+ Kf6 40.
Nxd4 Nd3 41. f3 Ke5 42. Ne2 d4 43. Kg3 Ne1 44. Kf2 Nd3+ 45. Kg3 Ne1 46. Kf2 Nd3+
47. Kg3 Ne1 1/2-1/2

[Event "Mistrzostwa Polski Juniorow do lat 16 - Dziewczeta"]
[Site "Ustron – Jaszowiec"]
[Date "1899-12-30"]
[Round "2.11"]
[White "Kucharska, Honorata"]
[Black "Krzysztynska, Anna"]
[Result "1/2-1/2"]
[WhiteTitle "k+"]
[BlackTitle "I"]
[WhiteElo "2093"]
[BlackElo "1578"]

1. e4 e5 2. Nf3 Nc6 3. Bb5 a6 4. Ba4 Nf6 5. Qe2 d6 6. c3 Be7 7. h3 O-O 8. d3 Be6
9. O-O h6 10. Re1 Nh7 11. d4 Bd7 12. Bxc6 Bxc6 13. dxe5 Re8 14. Bf4 Bg5 15. Bg3
Nf8 16. Na3 Ng6 17. Rad1 Bf4 18. Bxf4 Nxf4 19. Qe3 Ng6 20. Nd4 Nxe5 21. f4 Ng6
22. Nxc6 bxc6 23. Rf1 Qe7 24. f5 Nf8 25. Rde1 Nd7 26. Nb1 f6 27. Nd2 Qf7 28. b3
Ne5 29. Qd4 Rab8 30. Nf3 Rb5 31. Nxe5 Rbxe5 32. Qa4 Qd7 33. Rf4 a5 34. Qd4 Qe7
35. Kf2 d5 36. Kf3 Qa3 37. Qd2 Qd6 38. Qd4 Qa3 39. Qd2 Qd6 40. Qd4 Qa3 41. Qd2
Qd6 1/2-1/2

[Event "Mistrzostwa Polski Juniorow do lat 16 - Dziewczeta"]
[Site "Ustron – Jaszowiec"]
[Date "1899-12-30"]
[Round "2.12"]
[White "Rudzinska, Michalina"]
[Black "Szulc, Patrycja"]
[Result "1-0"]
[WhiteTitle "k"]
[BlackTitle "I"]
[WhiteElo "1941"]
[BlackElo "1573"]

1. e4 c5 2. Nf3 d6 3. d4 cxd4 4. Nxd4 Nf6 5. Nc3 g6 6. Be3 Bg7 7. Bc4 Nc6 8. f3
Bd7 9. Qd2 O-O 10. O-O-O Rb8 11. Nxc6 bxc6 12. g4 h5 13. e5 Nd5 14. Bxd5 cxd5
15. gxh5 Bxe5 16. h4 Qa5 17. Bd4 Qb4 18. b3 Qa3+ 19. Kb1 a5 20. hxg6 fxg6 21.
Bxe5 Bf5 22. Qxd5+ Kh7 23. h5 g5 24. Bd4 a4 25. Ne4 axb3 26. axb3 Ra8 27. Rdg1
Ra5 28. Nxg5+ Kh6 29. Nf7+ Rxf7 30. Be3+ Kh7 31. Qxf7+ Kh8 32. Qg7# 1-0

[Event "Mistrzostwa Polski Juniorow do lat 16 - Dziewczeta"]
[Site "Ustron – Jaszowiec"]
[Date "1899-12-30"]
[Round "2.13"]
[White "Raczykowska, Paulina"]
[Black "Koruch, Maria"]
[Result "1-0"]
[WhiteTitle "I++"]
[BlackTitle "I"]
[WhiteElo "1772"]
[BlackElo "1513"]

1. e4 c5 2. Nf3 Nc6 3. d4 cxd4 4. Nxd4 Nf6 5. Nc3 e5 6. Ndb5 d6 7. Bg5 a6 8. Na3
b5 9. Bxf6 gxf6 10. Nd5 f5 11. Bxb5 axb5 12. Nxb5 Ra7 13. Nxa7 Nxa7 14. c3 Nb5
15. Qd3 Nc7 16. Nxc7+ Qxc7 17. O-O-O Be6 18. a3 Qb6 19. exf5 Ba2 20. f4 Bh6 21.
g3 Kd7 22. b4 Bb3 23. Rde1 Qc6 24. Kb2 Bd5 25. Rhg1 Bg7 26. fxe5 Rc8 27. f6 Bf8
28. Rd1 Ke6 29. exd6 Bc4 30. Rge1+ Kd7 31. Qd4 Qa4 32. Re7+ Kd8 33. Qb6+ 1-0

[Event "Mistrzostwa Polski Juniorow do lat 16 - Dziewczeta"]
[Site "Ustron – Jaszowiec"]
[Date "1899-12-30"]
[Round "2.14"]
[White "Ossolinska, Matylda"]
[Black "Kindler, Karolina"]
[Result "0-1"]
[WhiteTitle "I"]
[BlackTitle "I++"]
[WhiteElo "1515"]
[BlackElo "1738"]

1. e4 c5 2. Nf3 e6 3. d4 cxd4 4. Nxd4 Nf6 5. Nc3 d6 6. g4 a6 7. g5 Nfd7 8. h4 b5
9. a3 Bb7 10. Be3 Nc5 11. Qg4 Nbd7 12. Nf3 Rc8 13. Be2 Nb6 14. Bxc5 Rxc5 15. Nd2
d5 16. Nb3 Rc7 17. O-O-O Qc8 18. Bd3 Bxa3 19. Rhe1 Rxc3 20. Kb1 Bxb2 21. Kxb2
Na4+ 22. Kb1 Rxb3+ 23. cxb3 Nc3+ 24. Kb2 Nxd1+ 25. Rxd1 O-O 26. Rc1 Qd7 27. e5
Rc8 28. Rxc8+ Qxc8 29. h5 Qc5 30. g6 Qxf2+ 31. Ka3 h6 32. gxf7+ Qxf7 33. Bg6 Qe7+
34. Kb2 Bc8 35. Qd4 Qc7 36. Qf4 a5 37. Qd4 b4 38. Qe3 Bd7 39. Qd4 Qc3+ 40. Qxc3
bxc3+ 41. Kxc3 Kf8 42. Bd3 Be8 43. Be2 g6 44. Kd4 gxh5 45. Kc5 h4 46. Bg4 Ke7
47. Kb6 a4 48. bxa4 Bxa4 49. Kc5 Bc2 50. Kd4 Bf5 51. Bf3 h3 52. Ke3 h2 53. Kf2
Be4 54. Bxe4 dxe4 55. Kg2 e3 0-1

[Event "Mistrzostwa Polski Juniorow do lat 16 - Dziewczeta"]
[Site "Ustron – Jaszowiec"]
[Date "1899-12-30"]
[Round "2.15"]
[White "Pyzio, Amelia"]
[Black "Lascar, Maria Elena"]
[Result "0-1"]
[WhiteTitle "I+"]
[BlackTitle "I+"]
[WhiteElo "1656"]
[BlackElo "1485"]

1. e4 c5 2. Nf3 e6 3. d4 cxd4 4. Nxd4 Bc5 5. Nc3 Qb6 6. Na4 Qa5+ 7. c3 Bxd4 8.
Qxd4 Nf6 9. Be2 Nc6 10. Qc4 a6 11. Qb3 b5 12. Nc5 d6 13. Nd3 Nxe4 14. Be3 Bd7
15. Bf3 Nf6 16. O-O O-O 17. Rad1 d5 18. Bf4 Qb6 19. Ne5 Nxe5 20. Bxe5 Qd8 21.
Rfe1 Ne8 22. Bd4 Qe7 23. Bxd5 Rc8 24. Bf3 Bc6 25. Bg4 Qg5 26. f3 h5 27. Re5 Qg6
28. Bxh5 Qh7 29. Bg4 Nf6 30. Rg5 Qh6 31. Bxf6 Qxf6 32. Rh5 g6 33. Rh3 Qf4 34.
Rg3 Qe3+ 35. Kh1 Rfd8 36. Rxd8+ Rxd8 37. h4 Qe1+ 38. Kh2 Rd1 39. Rh3 f5 40. Bh5
gxh5 41. Qb4 Qe5+ 42. Rg3+ Kf7 43. f4 Qe1 44. Rh3 Qh1+ 0-1

[Event "Mistrzostwa Polski Juniorow do lat 16 - Dziewczeta"]
[Site "Ustron – Jaszowiec"]
[Date "1899-12-30"]
[Round "2.16"]
[White "Choinska, Debora"]
[Black "Bilczewska, Olga"]
[Result "0-1"]
[WhiteTitle "I"]
[BlackTitle "I"]
[WhiteElo "1479"]
[BlackElo "1638"]

1. e4 d6 2. d4 Nf6 3. Nc3 e5 4. dxe5 dxe5 5. Qxd8+ Kxd8 6. Bg5 Be6 7. Nf3 Bd6 8.
a3 a6 9. Nd2 Nbd7 10. Bc4 b5 11. Ba2 h6 12. Bxf6+ Nxf6 13. Nd5 Nxd5 14. Bxd5 Bxd5
15. exd5 f5 16. Ke2 Kd7 17. a4 c6 18. dxc6+ Kxc6 19. axb5+ axb5 20. c4 Bc5 21.
cxb5+ Kxb5 22. Nb3 Bb4 23. Rxa8 Rxa8 24. Ra1 Rxa1 25. Nxa1 Kc4 26. Nc2 Bc5 27.
Ne1 Bd4 28. Nd3 e4 29. Ne1 Bxb2 30. f3 Bc1 31. fxe4 fxe4 32. Nc2 g6 33. Ne1 Kd4
34. Nc2+ Ke5 35. Nb4 h5 36. Nc6+ Kd6 37. Nb4 h4 38. g3 hxg3 39. hxg3 Ke5 40. Na2
Bg5 41. Nc3 Kd4 42. Nb5+ Ke5 43. Nc3 Kf5 44. Nd1 Bc1 45. Nc3 Bb2 46. Nb1 Be5 47.
Kf2 Bd4+ 48. Ke2 Kg4 49. Nd2 e3 50. Nf1 Bb6 51. Nxe3+ Bxe3 52. Kxe3 Kxg3 53. Ke2
g5 54. Kf1 g4 55. Kg1 Kh3 56. Kh1 g3 57. Kg1 g2 58. Kf2 Kh2 0-1

[Event "Mistrzostwa Polski Juniorow do lat 16 - Dziewczeta"]
[Site "Ustron – Jaszowiec"]
[Date "1899-12-30"]
[Round "2.17"]
[White "Skiba, Aleksandra"]
[Black "Surpeta, Julia"]
[Result "1-0"]
[WhiteTitle "I+"]
[BlackTitle "I"]
[WhiteElo "1633"]
[BlackElo "1458"]

1. d4 Nf6 2. c4 e6 3. Nc3 Bb4 4. e3 c5 5. a3 cxd4 6. exd4 Bxc3+ 7. bxc3 d6 8. Nf3
Nc6 9. Be2 Qc7 10. Be3 O-O 11. O-O e5 12. Nd2 Bf5 13. d5 Na5 14. f3 b5 15. g4
Bg6 16. f4 exf4 17. Rxf4 bxc4 18. Nxc4 Nxc4 19. Rxc4 Qa5 20. Bf3 Rfe8 21. Bf2
Ne4 22. Rc1 Re5 23. Ra4 Qc7 24. c4 a5 25. c5 Rd8 26. c6 Rc8 27. Kg2 Nxf2 28. Kxf2
Qb6+ 29. Qd4 Qb3 30. Rxa5 Bd3 31. Rc3 Qb2+ 32. Kg3 Be4 33. Rd3 Qb1 34. Rd1 Qb3
35. Rf1 Bxd5 36. Rxd5 Rxd5 37. Qxd5 Qxa3 38. Rd1 h6 39. Qxd6 Qa5 40. Qd7 Qe5+
41. Kg2 Rb8 42. Rd2 Rb2 43. Rxb2 Qxb2+ 44. Kh3 Qb3 45. Qd5 Qb6 46. Qe4 Qc7 47.
Qe8+ Kh7 48. Qd7 Qf4 49. Qf5+ 1-0

[Event "Mistrzostwa Polski Juniorow do lat 16 - Dziewczeta"]
[Site "Ustron – Jaszowiec"]
[Date "1899-12-30"]
[Round "2.18"]
[White "Kubiak, Aleksandra"]
[Black "Michalska, Aleksandra"]
[Result "0-1"]
[WhiteTitle "II+"]
[BlackTitle "I"]
[WhiteElo "1320"]
[BlackElo "1599"]

1. e4 e5 2. Nf3 Nc6 3. Bc4 Bc5 4. O-O Nf6 5. d4 exd4 6. e5 d5 7. exf6 dxc4 8. Re1+
Be6 9. Ng5 Qd5 10. Nc3 Qf5 11. Nce4 O-O-O 12. g4 Qe5 13. Nf3 Qd5 14. fxg7 Rhg8
15. Nf6 Qd6 16. Nxg8 Rxg8 17. Ng5 Rxg7 18. Nxe6 fxe6 19. Qf3 Qd7 20. Bd2 e5 21.
h3 Rf7 22. Qe4 Qd8 23. Kg2 a6 24. Rf1 Rg7 25. Qf5+ Kb8 26. Qe6 Qg8 27. Qxg8+ Rxg8
28. Rae1 Re8 29. Kf3 b5 30. a3 Kc8 31. Ke4 Bd6 32. Kf5 Kd7 33. f4 Rg8 34. Kf6
Rg6+ 35. Kf7 Nd8# 0-1

[Event "Mistrzostwa Polski Juniorow do lat 16 - Dziewczeta"]
[Site "Ustron – Jaszowiec"]
[Date "1899-12-30"]
[Round "3.1"]
[White "Sowa, Wiktoria"]
[Black "Leczek, Weronika"]
[Result "0-1"]
[WhiteTitle "I+"]
[BlackTitle "I++"]
[WhiteElo "1812"]
[BlackElo "1909"]

1. e4 c5 2. Nf3 Nc6 3. d4 cxd4 4. Nxd4 Nf6 5. Nc3 d6 6. Bg5 e6 7. Qd2 h6 8. Bxf6
gxf6 9. O-O-O a6 10. f4 Be7 11. Be2 Bd7 12. Bh5 Qa5 13. Qe2 Rh7 14. Nb3 Qc7 15.
Rhf1 O-O-O 16. Rf3 Rg7 17. Nd5 exd5 18. exd5 Nb4 19. a3 Bb5 20. Qf2 Nxd5 21. Rxd5
Bc6 22. Rc3 Bxd5 23. Rxc7+ Kxc7 24. g3 Bxb3 25. cxb3 d5 26. Qd4 Kb8 27. Bf3 Rgg8
28. Bxd5 Rd7 29. Qe4 Bc5 30. b4 Bb6 31. Bxf7 Rc8+ 32. Kb1 Rd2 33. f5 Ka7 34. Bb3
Bd4 35. Bc2 Rcxc2 36. Qxc2 Rxc2 37. Kxc2 Kb6 38. b3 Kc6 39. Kd3 Kd5 40. a4 b5
41. h3 Bf2 42. g4 Bg3 43. Ke3 Bh4 44. Kd3 Bg5 45. Ke2 Kd4 46. Kf3 Bh4 47. Ke2
Kc3 0-1

[Event "Mistrzostwa Polski Juniorow do lat 16 - Dziewczeta"]
[Site "Ustron – Jaszowiec"]
[Date "1899-12-30"]
[Round "3.2"]
[White "Guzik, Natalia"]
[Black "Szelag, Zuzanna"]
[Result "1-0"]
[WhiteTitle "I++"]
[BlackTitle "I++"]
[WhiteElo "1875"]
[BlackElo "1759"]

1. e4 c5 2. Nf3 d6 3. d4 cxd4 4. Nxd4 Nf6 5. Nc3 a6 6. Bd3 e5 7. Nb3 Be7 8. O-O
O-O 9. a4 Be6 10. Kh1 Nc6 11. f4 exf4 12. Bxf4 Ne5 13. Nd5 Rc8 14. Nxe7+ Qxe7
15. Nd4 Bg4 16. Be2 Bd7 17. Bg5 Nc4 18. Bxc4 Rxc4 19. Qd3 Rc5 20. Qg3 Kh8 21.
Qh4 Rxg5 22. Qxg5 Qxe4 23. Nf5 Bxf5 24. Qxf5 Qd4 25. b3 Qc3 26. Rad1 d5 27. Qd3
Qc5 28. Rd2 Re8 29. Re2 Rd8 30. Qe3 Qc6 31. Qd4 Qd7 32. Rxf6 gxf6 33. Qxf6+ Kg8
34. Re7 Kf8 35. Qxf7# 1-0

[Event "Mistrzostwa Polski Juniorow do lat 16 - Dziewczeta"]
[Site "Ustron – Jaszowiec"]
[Date "1899-12-30"]
[Round "3.3"]
[White "Karlyk, Maria"]
[Black "Kostecka, Marika"]
[Result "1-0"]
[WhiteTitle "I"]
[BlackTitle "I++"]
[WhiteElo "1501"]
[BlackElo "1869"]

1. e4 c5 2. Nc3 Nc6 3. g3 g6 4. Bg2 Bg7 5. d3 e6 6. Be3 Nd4 7. Nge2 Ne7 8. Qd2
O-O 9. f4 d6 10. Nd1 Rb8 11. c3 Ndc6 12. d4 cxd4 13. cxd4 b6 14. O-O Ba6 15. Ndc3
Na5 16. b3 Qd7 17. h3 Rfc8 18. Rab1 Rc7 19. Rfc1 Rbc8 20. g4 b5 21. a3 Nec6 22.
Na2 b4 23. axb4 Nb7 24. d5 exd5 25. exd5 Ne7 26. Bxa7 Rxc1+ 27. Rxc1 Rxc1+ 28.
Naxc1 Qb5 29. Bd4 Bh6 30. Bf6 Nc8 31. Qc3 Qb6+ 32. Bd4 Qd8 33. g5 Bf8 34. Qc6
Bxe2 35. Nxe2 1-0

[Event "Mistrzostwa Polski Juniorow do lat 16 - Dziewczeta"]
[Site "Ustron – Jaszowiec"]
[Date "1899-12-30"]
[Round "3.4"]
[White "Swiech, Joanna"]
[Black "Krzywnicka, Maria"]
[Result "0-1"]
[WhiteTitle "k"]
[BlackTitle "I+"]
[WhiteElo "1943"]
[BlackElo "1720"]

1. c4 e5 2. Nc3 Nc6 3. g3 g6 4. Bg2 Bg7 5. e3 f5 6. Nge2 Nf6 7. d4 e4 8. O-O O-O
9. a3 Ne7 10. d5 d6 11. b4 g5 12. Bb2 Ng6 13. Nb5 Qe7 14. Qc2 a6 15. Nbd4 Ne5
16. Rfd1 Qf7 17. f4 exf3 18. Nxf3 Nfg4 19. Nxe5 dxe5 20. Qd2 Bd7 21. h3 Nh6 22.
d6 c6 23. Rac1 Qh5 24. Rf1 Rae8 25. b5 Re6 26. bxc6 bxc6 27. c5 Rg6 28. Bc3 f4
29. g4 Bxg4 0-1

[Event "Mistrzostwa Polski Juniorow do lat 16 - Dziewczeta"]
[Site "Ustron – Jaszowiec"]
[Date "1899-12-30"]
[Round "3.5"]
[White "Moscicka, Pola"]
[Black "Kaczmarska, Joanna"]
[Result "0-1"]
[WhiteTitle "k+"]
[BlackTitle "k"]
[WhiteElo "1925"]
[BlackElo "1822"]

1. e4 e6 2. d4 d5 3. Nd2 Nc6 4. Ngf3 Nf6 5. e5 Nd7 6. c3 f6 7. exf6 Qxf6 8. Bb5
Bd6 9. O-O O-O 10. Nb3 a6 11. Bd3 e5 12. dxe5 Ncxe5 13. Be2 Nxf3+ 14. Bxf3 c6
15. Nd4 Ne5 16. Be3 Nxf3+ 17. Nxf3 Bg4 18. Qd4 Bxf3 19. Qxf6 Rxf6 20. gxf3 Rxf3
21. Kg2 Rf5 22. Rad1 Re8 23. Rfe1 Re6 24. Bd4 Rg6+ 25. Kf1 Kf7 26. Rd3 Rh6 27.
h3 c5 28. Be3 Rxh3 29. Ke2 b5 30. Red1 Ke6 31. a3 c4 32. R3d2 g6 33. a4 b4 34.
Bd4 b3 35. Re1 Kd7 36. Kd1 Rfh5 37. Rde2 Rh1 38. Rxh1 Rxh1+ 39. Kd2 Ra1 0-1

[Event "Mistrzostwa Polski Juniorow do lat 16 - Dziewczeta"]
[Site "Ustron – Jaszowiec"]
[Date "1899-12-30"]
[Round "3.6"]
[White "Trusz, Julia"]
[Black "Rudzinska, Michalina"]
[Result "1/2-1/2"]
[WhiteTitle "I+"]
[BlackTitle "k"]
[WhiteElo "1688"]
[BlackElo "1941"]

1. e4 c5 2. Nf3 e6 3. d4 cxd4 4. Nxd4 a6 5. Nc3 Nc6 6. Be2 Qc7 7. O-O Nf6 8. Kh1
Nxd4 9. Qxd4 Bc5 10. Qd3 b5 11. a3 Bb7 12. Bg5 Be7 13. f4 d6 14. Bf3 Rd8 15. Rad1
O-O 16. f5 d5 17. exd5 Bxd5 18. Bxf6 Bc4 19. Bxe7 Bxd3 20. Bxd8 Rxd8 21. Rxd3
exf5 22. Rxd8+ Qxd8 23. Rd1 Qe7 24. Bb7 a5 25. Nxb5 g5 26. Nd6 Qe2 27. Bf3 Qxc2
28. h3 a4 29. Rd4 Qxb2 30. Nxf5 Qb1+ 31. Kh2 Qxf5 32. Rxa4 Qe5+ 33. Kh1 Qe1+ 34.
Kh2 Qe5+ 35. Kh1 Qe1+ 36. Kh2 Qe5+ 1/2-1/2

[Event "Mistrzostwa Polski Juniorow do lat 16 - Dziewczeta"]
[Site "Ustron – Jaszowiec"]
[Date "1899-12-30"]
[Round "3.7"]
[White "Kalinowska, Zuzanna"]
[Black "Kulpa, Zuzanna"]
[Result "1-0"]
[WhiteTitle "k+"]
[BlackTitle "I++"]
[WhiteElo "1833"]
[BlackElo "1680"]

1. d4 Nf6 2. Nf3 e6 3. c4 Bb4+ 4. Nbd2 O-O 5. a3 Bxd2+ 6. Qxd2 b6 7. g3 Bb7 8.
Bg2 d6 9. O-O Nbd7 10. b3 Qe7 11. Bb2 Ne4 12. Qc2 f5 13. Rad1 a5 14. Rfe1 Ndf6
15. e3 Rab8 16. b4 axb4 17. axb4 Ng4 18. Re2 Ng5 19. Nxg5 Bxg2 20. Kxg2 Qxg5 21.
d5 e5 22. f4 Qe7 23. h3 Nh6 24. Rc1 Rbe8 25. Rce1 Qf7 26. Qd2 Qh5 27. fxe5 dxe5
28. d6 Rd8 29. Qd5+ Kh8 30. Qxe5 Rd7 31. dxc7 Qg6 32. b5 Rc8 33. e4 f4 34. Qxf4
Rdxc7 35. Rd1 Nf7 36. Red2 Qe6 37. Rf2 Re7 38. Ba3 Ra7 39. Bb2 Qxc4 40. Rc1 Qe6
41. Rc6 Qe8 42. Qg4 Nd6 43. Rxd6 Rb8 44. Rfd2 1-0

[Event "Mistrzostwa Polski Juniorow do lat 16 - Dziewczeta"]
[Site "Ustron – Jaszowiec"]
[Date "1899-12-30"]
[Round "3.8"]
[White "Bilczewska, Olga"]
[Black "Raczykowska, Paulina"]
[Result "1/2-1/2"]
[WhiteTitle "I"]
[BlackTitle "I++"]
[WhiteElo "1638"]
[BlackElo "1772"]

1. d4 d5 2. c4 e6 3. Nc3 Nf6 4. cxd5 exd5 5. Bg5 c6 6. e3 Be7 7. Qc2 Nbd7 8. Bd3
O-O 9. Nf3 Re8 10. O-O g6 11. h3 Nf8 12. Bf4 Ne6 13. Be5 Ng7 14. Bxf6 Bxf6 15.
b4 a6 16. a4 Bf5 17. Rfc1 Qd7 18. Nd2 Rec8 19. Nb3 Bxd3 20. Qxd3 b6 21. Ne2 Be7
22. a5 Bxb4 23. axb6 Qb7 24. Nc5 Qxb6 25. Rxa6 Rxa6 26. Qxa6 Qxa6 27. Nxa6 Bd6
28. Rc2 Ne6 29. Nc1 f5 30. Nd3 Kf7 31. Kf1 Ke7 32. Nac5 Nxc5 33. Nxc5 Bxc5 34.
Rxc5 Kd6 35. Ke2 Ra8 36. Rc2 g5 37. Kf3 h5 38. g4 fxg4+ 39. hxg4 Rf8+ 40. Kg3
h4+ 41. Kg2 Rf7 42. Rc1 Ke5 1/2-1/2

[Event "Mistrzostwa Polski Juniorow do lat 16 - Dziewczeta"]
[Site "Ustron – Jaszowiec"]
[Date "1899-12-30"]
[Round "3.9"]
[White "Hryn, Zofia"]
[Black "Zamarska, Sylwia"]
[Result "1-0"]
[WhiteTitle "I++"]
[BlackTitle "I++"]
[WhiteElo "1767"]
[BlackElo "1681"]

1. e4 c6 2. d4 d5 3. e5 Bf5 4. Nf3 e6 5. Be2 Nd7 6. Be3 c5 7. O-O Ne7 8. c4 dxc4
9. Na3 c3 10. bxc3 Nd5 11. Nb5 a6 12. Nd6+ Bxd6 13. exd6 Nxc3 14. Qd2 Nxe2+ 15.
Qxe2 cxd4 16. Nxd4 Bg6 17. Qb2 Be4 18. Ne2 O-O 19. f3 Bc6 20. Rfd1 Rc8 21. Nf4
Qa5 22. Nd3 Ba4 23. Rdc1 Qd5 24. Qa3 Bb5 25. Rd1 Bxd3 26. Rxd3 Qb5 27. Rb3 Qe2
28. Rb2 Rc2 29. Rxc2 Qxc2 30. Qb4 Qd3 31. Bf2 b5 32. a4 Rc8 33. axb5 axb5 34.
h3 Ne5 35. Qc5 Rd8 36. Qxe5 h6 37. Bc5 Qc4 38. Rd1 Rd7 39. Ra1 b4 40. Ra8+ Kh7
41. Qe4+ Qxe4 42. fxe4 Rb7 43. Bxb4 Rxb4 44. d7 1-0

[Event "Mistrzostwa Polski Juniorow do lat 16 - Dziewczeta"]
[Site "Ustron – Jaszowiec"]
[Date "1899-12-30"]
[Round "3.10"]
[White "Kindler, Karolina"]
[Black "Skiba, Aleksandra"]
[Result "1/2-1/2"]
[WhiteTitle "I++"]
[BlackTitle "I+"]
[WhiteElo "1738"]
[BlackElo "1633"]

1. Nf3 Nf6 2. b3 g6 3. Bb2 Bg7 4. g3 O-O 5. Bg2 d6 6. d4 Nbd7 7. O-O e5 8. dxe5
Ng4 9. c4 Ngxe5 10. Nc3 Re8 11. Qd2 Rb8 12. Rfd1 b6 13. Rac1 Bb7 14. Nd5 a5 15.
Ba3 Nc5 16. Bxc5 dxc5 17. Qf4 Bxd5 18. Rxd5 Nxf3+ 19. Bxf3 Qe7 20. Rcd1 Be5 21.
Qd2 Bd6 22. Rd3 Qe5 23. Bc6 Re7 24. e4 Qg7 25. Rxd6 cxd6 26. Qxd6 Qe5 27. Qxe5
Rxe5 28. f4 Re7 29. a4 Kf8 30. Kf2 Rc7 31. Bd5 Ke7 32. Kf3 h5 33. Kg2 Rh8 34.
h4 Rb8 35. Kf3 Rh8 36. Kg2 Rb8 37. Kf3 Rh8 38. Kg2 Rb8 39. Kf3 Rh8 40. Kg2 Rb8
1/2-1/2

[Event "Mistrzostwa Polski Juniorow do lat 16 - Dziewczeta"]
[Site "Ustron – Jaszowiec"]
[Date "1899-12-30"]
[Round "3.11"]
[White "Buchta, Agnieszka"]
[Black "Michalska, Aleksandra"]
[Result "1-0"]
[WhiteTitle "I++"]
[BlackTitle "I"]
[WhiteElo "1715"]
[BlackElo "1599"]

1. e4 e5 2. Nf3 Nc6 3. d4 exd4 4. Bc4 Nf6 5. e5 d5 6. Bb5 Ne4 7. Nxd4 Bd7 8. Bxc6
bxc6 9. O-O g6 10. f3 Nc5 11. f4 Bg7 12. Be3 Ne4 13. Nc3 Nxc3 14. bxc3 O-O 15.
Nb3 Re8 16. Bd4 Qc8 17. Nc5 Bf5 18. Qd2 Rb8 19. Rab1 Bf8 20. Qe2 Bh6 21. Rxb8
Qxb8 22. g4 Bc8 23. f5 Qb5 24. Qf2 Rf8 25. Qg3 g5 26. e6 Bg7 27. f6 fxe6 28. a4
Qc4 29. Qe5 Rf7 30. Qxg5 h6 31. Qe5 Bf8 32. Nxe6 Bd6 33. Qe3 Bxh2+ 34. Kg2 Bd6
35. g5 Bxe6 36. Qxe6 hxg5 37. Qc8+ Bf8 38. Qg4 c5 39. Qxg5+ Bg7 40. Re1 Qxa4 41.
Be5 Qxc2+ 42. Kh1 Qh7+ 43. Kg1 Qc2 44. Qg3 a5 45. fxg7 Qf5 46. Qh4 Qg6+ 47. Kh1
Rf5 48. Qh8+ Kf7 49. Qf8+ Ke6 50. g8=Q+ 1-0

[Event "Mistrzostwa Polski Juniorow do lat 16 - Dziewczeta"]
[Site "Ustron – Jaszowiec"]
[Date "1899-12-30"]
[Round "3.12"]
[White "Samujlo, Agnieszka"]
[Black "Dwilewicz, Agata"]
[Result "1/2-1/2"]
[WhiteTitle "I+"]
[BlackTitle "I+"]
[WhiteElo "1542"]
[BlackElo "1710"]

1. e4 c5 2. Nf3 e6 3. Nc3 Nc6 4. d4 cxd4 5. Nxd4 Qc7 6. Be2 a6 7. O-O Nf6 8. Be3
Bb4 9. f3 Ne5 10. Bf4 d6 11. Na4 b5 12. c3 Bc5 13. Nxc5 Qxc5 14. Kh1 O-O 15. Nb3
Qb6 16. Qd4 Qxd4 17. cxd4 Nc4 18. Bxc4 bxc4 19. Na5 d5 20. e5 Nd7 21. Rac1 Nb6
22. b3 Bd7 23. Rfd1 Rfc8 24. Bd2 Bb5 25. Bb4 cxb3 26. axb3 Be2 27. Re1 Bd3 28.
Nc6 Kh8 29. Re3 Bb5 30. Rec3 Nd7 31. f4 h6 32. Na5 Rxc3 33. Rxc3 Kh7 34. h3 Kg6
35. g4 h5 36. Kg2 Be2 37. Kg3 hxg4 38. hxg4 Rh8 39. Rc2 Bf1 40. Rh2 Rxh2 41. Kxh2
1/2-1/2